De l'assistance publique (Record no. 164311)

MARC details
000 -LEADER
campo de control de longitud fija 00745nam a22001815i 4500
001 - NÚMERO DE CONTROL
campo de control 164311
003 - IDENTIFICADOR DE NÚMERO DE CONTROL
campo de control ES-MaACL
005 - FECHA Y HORA DE LA ÚLTIMA TRANSACCIÓN
campo de control 20230906212919.0
008 - DATOS DE LONGITUD FIJA--INFORMACIÓN GENERAL
campo de control de longitud fija 011106s1849 fr |||| | fre d
040 ## - FUENTE DE CATALOGACIÓN
Centro catalogador/agencia de origen CCPB | B
Lengua de catalogación spa
Centro/agencia transcriptor CCPB | B
100 1# - ENTRADA PRINCIPAL--NOMBRE DE PERSONA
Nombre de persona Saint-Genez, Théodore.
9 (RLIN) 132284
245 10 - MENCIÓN DEL TÍTULO
Título De l'assistance publique
Resto del título : son passé, son organisation actuelle, bases sur lesquelles il conviendrait de l'asseoir a l'avenir /
Mención de responsabilidad, etc. par Théodore Saint-Genez et Patrice Rollet.
260 ## - PUBLICACIÓN, DISTRIBUCIÓN, ETC.
Lugar de publicación, distribución, etc. Paris :
Nombre del editor, distribuidor, etc. librairie de Guillaumin,
Fecha de publicación, distribución, etc. 1849 (
Fabricante H.V. de Surcy et c\pe\s)
300 ## - DESCRIPCIÓN FÍSICA
Extensión 94 p. ;
Dimensiones 20 cm.
650 #4 - PUNTO DE ACCESO ADICIONAL DE MATERIA--TÉRMINO DE MATERIA
Término de materia o nombre geográfico como elemento de entrada Asistencia sanitaria.
9 (RLIN) 135638
700 1# - ENTRADA AGREGADA--NOMBRE PERSONAL
Nombre de persona Rollet, Patrice.
9 (RLIN) 132018
852 ## - LOCALIZACIÓN
Ubicación ES-MaACL
Número de control de estantería R-1367(5)
Nota libre -- Enc. hol.
-- .- Donat. Mateo Seoane
Holdings
Estatus retirado Estado de pérdida Estado de daño No para préstamo Colección Biblioteca de origen Biblioteca actual Ubicación en estantería Fecha de adquisición Fuente de adquisición Total de préstamos Signatura topográfica completa Código de barras Visto por última vez Precio de reemplazo Tipo de ítem Koha
        Libros del s. XIX Biblioteca del Ateneo de Madrid Biblioteca del Ateneo de Madrid Depósito 17/01/2008     R-1367(5) 1172225 23/02/2023 23/02/2023 Libro impreso antiguo